000 00814nam a2200253Ia 4500
003 OSt
005 20220918170404.0
006 a|||||r|||| 00| 0
007 ta
008 220917b |||||||| |||| 00| 0 eng d
020 _a9780199558445 (hbk)
_c3986.5
024 _a239,908
037 _b27979, 13/07/2009, Segment Book Distributors
_cTextual
040 _aARTS
_cARTS
_beng
041 _2eng
_aeng
082 _aR3xC67:g, P9
100 _aNatali Carlo Ed.
_928792
245 0 _aAristotle
_b Nicomachean ethics, book VII symposium aristotelicum
260 _aOxford
_bOxford University Press U.S.A
_c2009
300 _a296p.
_ccm.
650 _aPHILOSOPHY
942 _hR3xC67:g, P9
_cTEXL
_2CC
999 _c133950
_d133950